00834nam a2200289 a 4500003000900000005001700009008004100026040001300067100002600080245008800106250001200194260003100206300003300237490003500270600002500305600002800330650001100358650001100369650001300380650001400393650001300407650002300420650003100443650002800474650001200502650003000514AR-BaBNM20251128203427.0082120s2002 ||||||||||||||000 | spa|| cAR-BaBNM1 aLago, Armando Vicente00aTemas de economía políticabesquema keynesiano.Comercio internacional.La moneda a2ª ed. aBuenos AiresbMacchic1984 axi, 155 p.btablas, gráfs. 0atemas de economía política14aKeynes, John Maynard14aVon Haberler, Gottfried 4aDINERO 4aMONEDA 4aCOMERCIO 4aINFLACION 4aHISTORIA 4aHISTORIA ECONOMICA 4aRELACIONES INTERNACIONALES 4aINVERSIONES EXTRANJERAS 4aSEGUROS 4aINSTITUCIONES FINANCIERAS